Přístup peněžního ústavu ke klientovi komunální sféry z hlediska možnosti obce zadlužit se a dluh splácet

Obce ako právny subjekt vo vzťahu k peňažným ústavom. Riešenie komunálnych problémov, financovanie potrieb obcí spolu s bankami. Základné atribúty pri rozhodovaní obce zadlžiť rozpočet obcí bez ohrozenia nevyhnutných výdavkov na chod obce. Prístupy obcí k riešeniu rozvojových zámerov.

Saved in:
Bibliographic Details
Main Author: Škorpilová, V.
Format: Book Chapter
Language:Czech
Subjects:
Tags: Add Tag
No Tags, Be the first to tag this record!

MARC

LEADER 00000naa a2200000 4500
001 r025599
005 20230922102442.3
041 0 |a cze 
044 |a CZ 
245 1 0 |a Přístup peněžního ústavu ke klientovi komunální sféry z hlediska možnosti obce zadlužit se a dluh splácet  |c V. Škorpilová 
520 |a Obce ako právny subjekt vo vzťahu k peňažným ústavom. Riešenie komunálnych problémov, financovanie potrieb obcí spolu s bankami. Základné atribúty pri rozhodovaní obce zadlžiť rozpočet obcí bez ohrozenia nevyhnutných výdavkov na chod obce. Prístupy obcí k riešeniu rozvojových zámerov. 
610 2 0 |a obce 
610 2 0 |a financie verejné 
610 2 0 |a financovanie 
610 2 0 |a rozpočet miestny 
610 2 0 |a zadlženosť 
610 2 0 |a dlhy miestne 
610 2 0 |a zámery investičné 
610 2 0 |a zdroje finančné 
610 2 0 |a ústavy finančné 
610 2 0 |a Česko 
100 1 |a Škorpilová, V.